000 01877nam a2200349 i 4500
001 768714001
003 CO-MdFUSB
005 20260504125702.0
007 ta
008 240731t2010 -us |||| |||| 00| 0 spa d
020 _a9781576585214
040 _aCO-MdFUSB
_bspa
_cCO-MdFUSB
_dCO-MdFUSBC
_erda
041 _aspa
_heng
082 _223
_a306.63
_bM277
100 _aMangalwadi, Vishal,
_eautor
240 _aTruth and transformation : a manifesto for ailing nations.
245 _aVerdad y transformación
_c/ Vishal Mangalwadi
264 1 _aEstados Unidos :
_bJucum,
_c[2010]
264 4 _c©2010
300 _a317 páginas
_c; 23 cm
336 _2rdacontent
_atexto
_btxt
337 _2rdamedia
_asin mediación
_bn
338 _2rdacarrier
_avolumen
_bnc
505 _aParte I: ¿Necesitamos transformación? Moralidad: el secreto del éxito de Occidente -- Racionalidad: la fuerza olvidada detrás de la tecnología occidental -- Familia: la escuela decadente del carácter occidental -- La humanidad: el alma abandonada de la civilización occidental -- Parte II: ¿Pueden las naciones ser sanadas? Sus llagas: para la sanación de las naciones -- Su compasión: Jesús el alborotador -- Su reino: lo natural y lo sobrenatural -- Su verdad: la clave de la transformación -- Su ley: el pecado y sus consecuencias -- Parte III: ¿Cómo transforma el evangelio? Evangelismo: buenas noticias para tiempos opresivos -- El Espíritu Santo: poder para la transformación -- La Iglesia: una comunidad para un nuevo reino -- Esperanza: Él está haciendo nuevas todas las cosas -- Parte IV: ¿Cómo puedo participar?
563 _aRústico
650 7 _aSociología cristiana
_9405
650 7 _aCristianismo y cultura
_2embne
_96959
653 _aReligión y sociedad
653 _aCorrupción — Aspectos sociales
942 _cBK
945 _aJTF-925
999 _c70668
_d70668